000 00495nam a22001937a 4500
003 NUST - PNEC
005 20170116180823.0
008 150629b xxu||||| |||| 00| 0 eng d
020 _a-
040 _cLIBRARY
082 _a515.35 ELS
100 _94251
_aEL'Sgol, L.E.
245 _aDifferential equations
_cL.E. EL' Sgol
250 _a-
260 _aDelhi
_bHindustan Publishing Corpn. (India)
_cc1961.
300 _a359 p. :
650 _94252
_aMathematics
_xGeneral
942 _2ddc
_cBK
999 _c63818
_d63818